[Event "Bucharest November"]
[Site "Bucharest"]
[Date "2003.11.13"]
[Round "1"]
[White "Bodescu, Marius"]
[Black "Baciu, Anca Otilia"]
[Result "0-1"]
[WhiteElo "2204"]
[BlackElo "2126"]
[PlyCount "42"]
[EventDate "2003.11.13"]
[EventType "tourn"]
[EventRounds "9"]
[EventCountry "ROU"]
[SourceTitle "EXT 2008"]
[Source "ChessBase"]
[SourceDate "2007.11.25"]
[SourceVersion "1"]
[SourceVersionDate "2007.11.25"]
[SourceQuality "1"]

1. e4 c5 2. Nf3 e6 3. d4 cxd4 4. Nxd4 Nf6 5. Nc3 d6 6. Bc4 Be7 7. Bb3 0-0 8. f4 Na6 9. Be3 Nc5 10. Qf3 a5 11. f5 a4 12. Bc4 Nfxe4 13. Nxe4 Nxe4 14. fxe6 d5 15. g3 fxe6 16. Qg2 a3 17. 0-0-0 axb2+ 18. Kxb2 Ba3+ 19. Ka1 Qc7 20. Qe2 Nc3 21. Bf4 Qb6 0-1

[Event "ROM Supercup"]
[Site "Romania"]
[Date "2001.??.??"]
[Round "?"]
[White "Bodescu, Marius"]
[Black "Amarita, Andrei"]
[Result "0-1"]
[WhiteElo "2135"]
[BlackElo "2060"]
[PlyCount "106"]
[EventDate "2001.??.??"]
[EventType "tourn"]
[EventRounds "11"]
[EventCountry "ROU"]
[SourceTitle "EXT 2008"]
[Source "ChessBase"]
[SourceDate "2007.11.25"]
[SourceVersion "1"]
[SourceVersionDate "2007.11.25"]
[SourceQuality "1"]

1. e4 e6 2. d4 d5 3. e5 c5 4. c3 Qb6 5. a3 Nc6 6. Nf3 cxd4 7. cxd4 Nh6 8. Bd3 Bd7 9. Bc2 Nf5 10. Bxf5 exf5 11. 0-0 Be7 12. Nc3 Be6 13. b4 Rc8 14. Na4 Qc7 15. Bg5 0-0 16. Rc1 Bxg5 17. Nxg5 Qe7 18. f4 h6 19. Nxe6 fxe6 20. Kh1 b6 21. Nc3 Qd7 22. Qd3 a5 23. Qb5 axb4 24. axb4 Rfd8 25. Rfd1 Qe7 26. Na2 Qb7 27. h3 Na7 28. Qa4 b5 29. Qa3 Rc4 30. Rxc4 bxc4 31. Qa5 Rb8 32. Qc5 Nb5 33. Nc3 Nxc3 34. Ra1 Ne4 35. Qa5 Qxb4 36. Qc7 Qb7 37. Qa5 Qb6 38. Qa3 c3 39. Qe7 c2 40. Kh2 Rc8 41. h4 h5 42. Ra7 Qxa7 43. Qxe6+ Qf7 44. Qxc8+ Kh7 45. Qxc2 Qg6 46. Qd3 Qg4 47. g3 Qg6 48. Kg2 Qb6 49. Qe2 Kh6 50. Kh3 Qxd4 51. Qa6+ Kh7 52. Qe6 Qg1 53. Qxf5+ Kh6 0-1

[Event "ROM Supercup"]
[Site "Romania"]
[Date "2001.??.??"]
[Round "?"]
[White "Stefan, Bogdan Liviu"]
[Black "Bodescu, Marius"]
[Result "1/2-1/2"]
[WhiteElo "2125"]
[BlackElo "2135"]
[PlyCount "104"]
[EventDate "2001.??.??"]
[EventType "tourn"]
[EventRounds "11"]
[EventCountry "ROU"]
[SourceTitle "EXT 2008"]
[Source "ChessBase"]
[SourceDate "2007.11.25"]
[SourceVersion "1"]
[SourceVersionDate "2007.11.25"]
[SourceQuality "1"]

1. e4 c6 2. d4 d5 3. Nc3 dxe4 4. Nxe4 Bf5 5. Ng3 Bg6 6. h4 h6 7. Nf3 Nd7 8. h5 Bh7 9. Bd3 Bxd3 10. Qxd3 e6 11. Bf4 Ngf6 12. 0-0-0 Be7 13. c4 Qa5 14. Kb1 0-0 15. Nd2 b5 16. Nb3 bxc4 17. Nxa5 cxd3 18. Nxc6 Nd5 19. Nxe7+ Nxe7 20. Bd6 Rfe8 21. Bxe7 Rxe7 22. Rxd3 Nf6 23. f3 Rd7 24. Ne4 Nd5 25. a3 Rc8 26. g3 Ne7 27. Rhd1 Rcd8 28. Nc5 Rd5 29. g4 Nc6 30. Nb3 e5 31. Rc1 Nxd4 32. Nxd4 exd4 33. b4 a5 34. Kb2 axb4 35. axb4 Kf8 36. Kb3 Ke7 37. Rc7+ Kf6 38. f4 g6 39. Rc6+ Kg7 40. hxg6 fxg6 41. Kc4 R5d7 42. b5 h5 43. gxh5 gxh5 44. b6 h4 45. Rc5 Kg6 46. Rg5+ Kf6 47. Rh5 Rc8+ 48. Kb4 Rb8 49. Kb5 Kg6 50. Rxh4 Rd6 51. Rg3+ Kf5 52. Rg5+ Ke4 1/2-1/2

[Event "ROM Supercup"]
[Site "Romania"]
[Date "2001.??.??"]
[Round "?"]
[White "Taicutoiu, Ionel"]
[Black "Bodescu, Marius"]
[Result "1-0"]
[WhiteElo "2065"]
[BlackElo "2135"]
[PlyCount "89"]
[EventDate "2001.??.??"]
[EventType "tourn"]
[EventRounds "11"]
[EventCountry "ROU"]
[SourceTitle "EXT 2008"]
[Source "ChessBase"]
[SourceDate "2007.11.25"]
[SourceVersion "1"]
[SourceVersionDate "2007.11.25"]
[SourceQuality "1"]

1. e4 d6 2. d4 e6 3. c4 c6 4. Nc3 Nd7 5. f4 Be7 6. Nf3 Ngf6 7. Bd3 0-0 8. 0-0 h6 9. Qe2 Re8 10. e5 Nh7 11. Ne4 Ndf8 12. c5 d5 13. Nd6 Bxd6 14. cxd6 b6 15. Be3 Bd7 16. Qc2 f5 17. h3 Ng6 18. Kh2 Nh4 19. Nxh4 Qxh4 20. g3 Qh5 21. Rg1 Kh8 22. g4 Qf7 23. gxf5 exf5 24. Rg2 Rg8 25. Rag1 Nf8 26. Qf2 Re8 27. Qh4 Kh7 28. Be2 g6 29. Bh5 Rg7 30. Bf2 Re6 31. Qd8 Qe8 32. Bh4 Qxd8 33. Bxd8 Be8 34. Be7 Nd7 35. Bf3 b5 36. Rc1 Nb6 37. b3 Nc8 38. Bf6 Rf7 39. Bxd5 cxd5 40. Rxc8 Rd7 41. Rgc2 Kg8 42. R2c7 Rxc7 43. dxc7 Kf7 44. Rxe8 Rxe8 45. Bd8 1-0